000 00587nam a2200169 a 4500
001 000029731
005 20240320074002.0
008 110425s1998 dr 000 0 spa d
040 _aDO-SdBNP
_bspa
_cBNPHU
082 _axxx
_bF634p
100 1 _aFlores Santana, Juan A.
_956517
245 1 3 _aEl papa, en la intimidad con Dios, recibe luz y fuerza para su trabajo /
_cJuan A. Flores Santana ; edición Rafael Bello Peguero.
260 _aSanto Domingo :
_bAmigo del Hogar,
_c1998.
300 _a11 p. ;
_c21 cm.
700 1 _aBello Peguero, Rafael,
_d1932-2022
_eed.
_92405
049 _aBNPD
999 _c29223
_d29223